000 00683nam a2200205 a 4500
001 000013262
005 20240530073916.0
008 091123s2000 dr 000 f spa d
040 _aDO-SdBNP
_bspa
_cBNPHU
082 _aRD863.44
_bV297e
100 1 _aVargas Genao, Caracciolo,
_d1927-2015
_91504
245 1 0 _aExtranjia /
_cCaracciolo Vargas Genao.
260 _aSanto Domingo :
_bManatí,
_c2000.
300 _a133 p. ;
_c21 cm.
500 _aIncluye datos biográficos del autor en la solapa de la contracubierta.
590 _aInventariado, 2020 /LP
650 0 _aNovela dominicana
_9223
650 0 _aLiteratura dominicana.
_967
910 _aValidado. Control de calidad BNPHU
999 _c12892
_d12892